Capitales de provincias españolas a menor altitud - Estadísticas

Estadísticas generales
  • Esta prueba ha sido intentada 376 veces
  • La puntuación promedio es 13 de 15
Estadísticas de respuestas
Altitud (metros) Ciudad % Correcto
12 Barcelona
97%
15 Valencia
97%
3 Alicante
96%
16 Almería
95%
11 Cádiz
95%
11 Málaga
95%
21 Bilbao
88%
15 Santander
88%
13 Palma de Mallorca
83%
20 Pontevedra
82%
22 A Coruña
81%
6 San Sebastian
81%
8 Las Palmas de Gran Canaria
80%
7 Sevilla
73%
4 Santa Cruz de Tenerife
53%
No se encontraron pruebas coincidentes
Distribución de puntuación
Porcentaje de gente con cada puntuación
Porcentaje por número respondido
Historial de tus puntuaciones
No has intentado esta prueba.